100 QUOTES - Harry Potter and the Prisoner of Azkaban - Statistics

General Stats
  • This quiz has been taken 321 times
  • The average score is 54 of 100
Answer Stats
Quote Character % Correct
Mischief managed. Nox. Harry
97%
Ouch, Ron, that was my foot! Hermione
92%
Well, well. Lupin. Out for a little walk in the moonlight, are we? Snape
79%
Here, eat this. It'll help. It's all right, it's chocolate. Lupin
73%
But sir, we've just begun learning about Red Caps and Hinkypunks. We're not meant to start nocturnal beasts for weeks. Hermione
71%
Don't your family sleep in, uh, one room? Draco
70%
Bloody hell! What's happening?! Ron
70%
Turn to page 394. Snape
68%
My dad didn't strut. And nor do I. Harry
67%
You, boy, is your grandmother quite well? Trelawney
67%
I thought I just saw... Never mind. Hermione
65%
No, only one will die tonight. Sirius
65%
The Map never lies. Pettigrew's alive. And he's right there. Sirius
65%
Is it true you fainted? I mean, you actually fainted? Draco
63%
Then he asked for the worst, did old Lucius. Hagrid
63%
Yeah... him I've heard of. Harry
63%
I hope he finds me. 'Cause when he does, I'm going to be ready. When he does, I'm going to kill him! Harry
63%
You! You foul, loathsome, evil little cockroach! Hermione
63%
I can't. Only a parent or a guardian can sign. Since I am neither, it would be inappropriate. McGonagall
63%
He's the dog! He's an Animagus! Ron
63%
But for now, let him sleep. For in dreams, we enter a world that's entirely our own. Dumbledore
62%
Three turns should do it, I think. Dumbledore
62%
Dear Lady, who did this to you? Dumbledore
62%
How could anyone be in two classes at once? Hermione
62%
7:30. Where were we at 7:30? Hermione
62%
Now if you'll excuse me, I need to have a little word with the driver. Eat. You'll feel better. Lupin
62%
Well, it seems that somebody let slip the nature of my condition. Lupin
62%
But I don't want that boggart to turn into her either. Neville
62%
They want me to tap dance. I don't want to tap dance! Ron
62%
How did you get there? I was talking to you there...and now you're there. Ron
62%
Nicked it from Filch's office, of course. First year. Fred
60%
Black was vicious. He didn't kill Pettigrew. He destroyed him! A finger. That's all that was left - a finger! Fudge
60%
I suspect it's a Zonko product. Lupin
60%
Don't worry, don't fuss, Petunia. I have a very firm grip. Marge
60%
Excuse me, I'm Head Boy! Percy
60%
This class is ridiculous. Draco
59%
Arresto Momentum! Dumbledore
59%
Oh, come now, Harry the Ministry doesn't send people to Azkaban for blowing up their aunts. Fudge
59%
Rosemerta, my dear. I hope business is good. Fudge
59%
Me? I've been here all this time. Hermione
59%
Is that really what my hair looks like from the back? Hermione
59%
We were the best of friends! Pettigrew
59%
There's something moving out there. Ron
59%
Huh, probably Neville's forgotten the password again. Ron
59%
Yeah, take it away, Ernie! It's going to be a bumpy ride, ha, ha, ha! Shrunken Head
59%
You really are the brightest witch of your age. Sirius
59%
Broaden your minds. Oh! Your aura is pulsing, dear. Are you in the beyond? I think you are! Trelawney
59%
No, no, no, wait, wait. Watch this. Ah, ah, ah, AHHH! Amazing! Just with my voice! Fat Lady
57%
I will if she does. Harry
57%
The grin? What's the grin? Seamus
57%
You bring her back! You bring her back now! You put her right! Vernon
57%
Well, you'd know all about the madness within, wouldn't you, Remus? Sirius
56%
Loss of limb will not excuse you. Snape
56%
You know the law, Miss Granger. Dumbledore
52%
Meanwhile, I'd like a nice cup of tea or a large brandy. Dumbledore
52%
All those with permission, follow me. Those without, stay put. Filch
52%
No, it's worse, much worse. They're going to suck out his soul. Hermione
52%
It looks more like a pig with hair, if you ask me. Ron
52%
The tail I could live with, but the fleas...they're murder. Sirius
52%
Clearly, it's full of dark magic. Snape
52%
First, you must look beyond! Trelawney
52%
Yes, little lump of a boy. Always trailing after Sirius Black. McGonagall
51%
He's been sighted, he's been sighted! Seamus
51%
Ah, come to see the show? Draco
49%
Did what? Goodnight. Dumbledore
49%
Well, just stroke the spine, of course. Goodness me. Hagrid
49%
That's one nasty dementor. Harry
49%
Few knew where they were. One who did was Sirius Black. And he told You-Know-Who. McGonagall
49%
Thick heads. Ron
49%
There's no need for ghosts, Professor. The Fat Lady is there. Filch
48%
For now, I need to rest. Lupin
48%
You want to try a little drop of brandy? A little drop of brandy-brandy windy-wandy for Rippy-pippy-pooh? Marge
48%
Whatcha fell over for? Shunpike
48%
But where is it? I saw the beast just now. Not a moment ago! Fudge
46%
You'll find no small glasses in this house, Professor. Hagrid
46%
Nothing! He, uh, didn't work. He was unemployed. Petunia
46%
Oh, don't try one of them! Oh no. Look at his face! Ron
46%
Calm down. I-It's just a scratch. Hagrid
44%
Ernie, little old lady at twelve o'clock! Shrunken Head
44%
Have I said something? Trelawney
44%
So, that's that, and no harm done. Pea soup? Fudge
43%
You and your bloody chicken! Draco
41%
The Fat Lady. She's gone! Ginny
41%
And a drunk too, no doubt. Marge
41%
Yes, and you must! Hermione
40%
It'd be a lot better if the Ministry wasn't sending dementors into my pub every other night! Rosemerta
40%
Can I have a go, Harry? After you, of course. Seamus
40%
Oh, listen to you two, quarrelling like an old married couple. Snape
40%
Well, that's the question, isn't it? He's the first one that done it. Shunpike
38%
This is not normal. Harry
37%
Well, well, we must search the grounds. Fudge
35%
What are you doing? What's this rubbish? Harry
35%
Oh, for goodness sake, don't lose him! Molly
33%
You are in danger. Grave danger. Arthur
30%
Blimey. What was that? Hagrid
29%
Taking form of a giant spectral dog, it's among the darkest omens in our world. It's an omen... of death. Bem
25%
That's right. Black could be anywhere. It's like trying to catch smoke. Like trying to catch smoke with your bare hands. Bem
25%
Harry, wherever did you get it? Neville
25%
Stand back, I said! Or I'll take it upstairs if you don't settle. Ron
19%
No, not a soul. George
17%
No matching quizzes found
Score Distribution
Percent of People with Each Score
Percentile by Number Answered
Your Score History
You have not taken this quiz